000 01572cam a2200373 a 4500
001 EDZ0000117198
003 StDuBDS
005 20161031105147.0
006 m||||||||d||||||||
007 cr |||||||||||
008 130111s2008 caua fo| 000|0|eng d
020 _a9781446262504 (ebook) :
_cNo price
040 _aStDuBDS
_beng
_cStDuBDS
_epn
049 _aAlfaisal Main Library
050 0 _aHD2746.5
_b.M454 2008
082 0 4 _a658.162
_223
245 0 0 _aMergers and acquisitions
_h[electronic resource] /
_cedited by Jeffrey A. Krug.
260 _aLos Angeles, [Calif.] ;
_aLondon :
_bSAGE,
_c2008.
300 _a1 online resource (3 v.) :
_bill.
490 1 _aSAGE library in business and management
505 0 _av. 1 Mergers and acquisitions - - v. 2 The merger and acquisition process - - v. 3 Integration, goverence, and performance.
520 8 _aThis three-volume set critically examines the research on the 'soft side' of mergers and acquisitions, that is strategy and organizational issues.
521 _aSpecialized.
588 _aDescription based on print version record.
504 _aIncludes bibliographical references.
650 0 _aConsolidation and merger of corporations.
655 7 _aElectronic books.
_2local
700 1 _aKrug, Jeffrey A.
_q(Jeffrey Alan),
_d1959-
710 2 _aSage eBooks
776 0 8 _iPrint version :
_z9781847870575
830 0 _aSAGE library in business and management.
856 4 0 _uhttp://ezproxy.alfaisal.edu/login?url=http://sk.sagepub.com/navigator/mergers-and-acquisitions
942 _2lcc
_cEBOOKS
999 _c480660
_d480660